000 00576nam a22001697a 4500
003 NUST
038 _aNusrat Nadeem
082 _a200
100 _aAltaf, Ayesha
_9124449
245 _aDesigning A Trust Management System for Malicious Node Detection and Prevention in Internet of Things/
_cAyesha Altaf,
264 _aRawalpindi;
_bMCS NUST;
_c2021.
300 _a129,p;
_bill;
_c30,cm.
650 _aPh.D-Information Security
_9124437
700 _aSupervisor:Dr. Haider Abbas
_9118399
856 _uhttp://10.250.8.41:8080/xmlui/handle/123456789/26308
942 _2ddc
_cSC
999 _c610306
_d610306